Statistics for NBA Starting Point Guards 2010s

Click here to take the quiz!

General Stats

  • This quiz has been taken 646 times
    (594 since last reset)
  • The average score is 255 of 300

Answer Stats

TEAMSEASONFIRST NAMELAST NAME% Correct
Atlanta2018-19TraeYoung
98%
Atlanta2019-20TraeYoung
98%
New Orleans2019-20LonzoBall
97%
LA Lakers2017-18LonzoBall
97%
LA Lakers2018-19LonzoBall
97%
Cleveland2015-16KyrieIrving
97%
Boston2018-19KyrieIrving
97%
Cleveland2012-13KyrieIrving
97%
Cleveland2013-14KyrieIrving
97%
Cleveland2011-12KyrieIrving
97%
Cleveland2014-15KyrieIrving
97%
Boston2017-18KyrieIrving
97%
Cleveland2016-17KyrieIrving
97%
LA Clippers2012-13ChrisPaul
97%
Houston2018-19ChrisPaul
97%
Oklahoma City2019-20ChrisPaul
97%
Houston2017-18ChrisPaul
97%
LA Clippers2013-14ChrisPaul
97%
LA Clippers2014-15ChrisPaul
97%
New Orleans2010-11ChrisPaul
97%
LA Clippers2015-16ChrisPaul
97%
LA Clippers2016-17ChrisPaul
97%
LA Clippers2011-12ChrisPaul
97%
Dallas2014-15RajonRondo
97%
Boston2011-12RajonRondo
97%
New Orleans2017-18RajonRondo
97%
Boston2014-15RajonRondo
97%
Boston2013-14RajonRondo
97%
Boston2012-13RajonRondo
97%
Boston2010-11RajonRondo
97%
Sacramento2015-16RajonRondo
97%
Chicago2016-17RajonRondo
97%
Chicago2015-16DerrickRose
97%
Chicago2010-11DerrickRose
97%
Chicago2011-12DerrickRose
97%
New York2016-17DerrickRose
97%
Chicago2014-15DerrickRose
97%
Detroit2019-20DerrickRose
97%
Brooklyn2018-19D'AngeloRussell
97%
Golden State2019-20D'AngeloRussell
97%
LA Lakers2016-17D'AngeloRussell
97%
LA Lakers2015-16D'AngeloRussell
97%
Washington2019-20IsaiahThomas
97%
Sacramento2012-13IsaiahThomas
97%
Sacramento2011-12IsaiahThomas
97%
Sacramento2013-14IsaiahThomas
97%
Boston2015-16IsaiahThomas
97%
Boston2016-17IsaiahThomas
97%
Boston2019-20KembaWalker
97%
Charlotte2012-13KembaWalker
97%
Charlotte2013-14KembaWalker
97%
Charlotte2014-15KembaWalker
97%
Charlotte2015-16KembaWalker
97%
Charlotte2016-17KembaWalker
97%
Charlotte2017-18KembaWalker
97%
Charlotte2018-19KembaWalker
97%
Oklahoma City2011-12RussellWestbrook
97%
Oklahoma City2012-13RussellWestbrook
97%
Oklahoma City2016-17RussellWestbrook
97%
Oklahoma City2015-16RussellWestbrook
97%
Oklahoma City2018-19RussellWestbrook
97%
Oklahoma City2010-11RussellWestbrook
97%
Oklahoma City2017-18RussellWestbrook
97%
Oklahoma City2014-15RussellWestbrook
97%
Oklahoma City2013-14RussellWestbrook
97%
Houston2019-20RussellWestbrook
97%
Golden State2016-17StephenCurry
96%
Golden State2015-16StephenCurry
96%
Golden State2014-15StephenCurry
96%
Golden State2012-13StephenCurry
96%
Golden State2011-12StephenCurry
96%
Golden State2013-14StephenCurry
96%
Golden State2017-18StephenCurry
96%
Golden State2018-19StephenCurry
96%
Golden State2010-11StephenCurry
96%
Dallas2019-20LukaDoncic
95%
Dallas2018-19LukaDoncic
95%
Miami2017-18GoranDragic
95%
Phoenix2012-13GoranDragic
95%
Phoenix2013-14GoranDragic
95%
Phoenix2014-15GoranDragic
95%
Miami2016-17GoranDragic
95%
Miami2015-16GoranDragic
95%
Philadelphia2010-11JrueHoliday
95%
Philadelphia2011-12JrueHoliday
95%
Philadelphia2012-13JrueHoliday
95%
New Orleans2016-17JrueHoliday
95%
New Orleans2015-16JrueHoliday
95%
New Orleans2014-15JrueHoliday
95%
Portland2014-15DamianLillard
94%
Portland2019-20DamianLillard
94%
Portland2018-19DamianLillard
94%
Portland2015-16DamianLillard
94%
Portland2013-14DamianLillard
94%
Portland2012-13DamianLillard
94%
Portland2017-18DamianLillard
94%
Portland2016-17DamianLillard
94%
Toronto2016-17KyleLowry
94%
Toronto2014-15KyleLowry
94%
Toronto2012-13KyleLowry
94%
Houston2010-11KyleLowry
94%
Houston2011-12KyleLowry
94%
Toronto2019-20KyleLowry
94%
Toronto2018-19KyleLowry
94%
Toronto2017-18KyleLowry
94%
Toronto2013-14KyleLowry
94%
Toronto2015-16KyleLowry
94%
Memphis2019-20JaMorant
94%
Denver2017-18JamalMurray
94%
Denver2019-20JamalMurray
94%
San Antonio2017-18DejounteMurray
94%
San Antonio2019-20DejounteMurray
94%
Denver2018-19JamalMurray
94%
Washington2016-17JohnWall
94%
Washington2015-16JohnWall
94%
Washington2014-15JohnWall
94%
Washington2013-14JohnWall
94%
Washington2017-18JohnWall
94%
Washington2012-13JohnWall
94%
Washington2011-12JohnWall
94%
Washington2010-11JohnWall
94%
Philadelphia2014-15MichaelCarter-Williams
93%
Philadelphia2013-14MichaelCarter-Williams
93%
Milwaukee2015-16MichaelCarter-Williams
93%
Memphis2015-16MikeConley
93%
Memphis2014-15MikeConley
93%
Memphis2012-13MikeConley
93%
Memphis2011-12MikeConley
93%
Memphis2010-11MikeConley
93%
Memphis2016-17MikeConley
93%
Memphis2018-19MikeConley
93%
Utah2019-20MikeConley
93%
Memphis2013-14MikeConley
93%
Sacramento2018-19De'AaronFox
93%
Sacramento2019-20De'AaronFox
93%
Sacramento2017-18De'AaronFox
93%
San Antonio2016-17TonyParker
93%
San Antonio2015-16TonyParker
93%
San Antonio2014-15TonyParker
93%
San Antonio2013-14TonyParker
93%
San Antonio2012-13TonyParker
93%
San Antonio2011-12TonyParker
93%
San Antonio2010-11TonyParker
93%
Utah2017-18RickyRubio
93%
Minnesota2013-14RickyRubio
93%
Minnesota2012-13RickyRubio
93%
Utah2018-19RickyRubio
93%
Phoenix2019-20RickyRubio
93%
Minnesota2016-17RickyRubio
93%
Minnesota2015-16RickyRubio
93%
Philadelphia2017-18BenSimmons
93%
Philadelphia2018-19BenSimmons
93%
Philadelphia2019-20BenSimmons
93%
Dallas2016-17DeronWilliams
93%
Brooklyn2013-14DeronWilliams
93%
Brooklyn2012-13DeronWilliams
93%
Dallas2015-16DeronWilliams
93%
Brooklyn2014-15DeronWilliams
93%
Utah2010-11DeronWilliams
93%
Utah2012-13MoWilliams
93%
Cleveland2010-11MoWilliams
93%
Brooklyn2011-12DeronWilliams
93%
LA Lakers2012-13SteveNash
92%
Phoenix2011-12SteveNash
92%
Phoenix2010-11SteveNash
92%
Denver2010-11ChaunceyBillups
91%
New Orleans2011-12JarrettJack
90%
New York2017-18JarrettJack
90%
Dallas2017-18DennisSmith
89%
Philadelphia2015-16IshSmith
89%
Detroit2015-16ReggieJackson
88%
Detroit2017-18ReggieJackson
88%
Detroit2018-19ReggieJackson
88%
Detroit2016-17ReggieJackson
88%
Dallas2011-12JasonKidd
88%
Dallas2010-11JasonKidd
88%
Cleveland2019-20CollinSexton
88%
Cleveland2018-19CollinSexton
88%
Brooklyn2017-18SpencerDinwiddie
87%
Brooklyn2019-20SpencerDinwiddie
87%
Orlando2019-20MarkelleFultz
87%
LA Clippers2018-19ShaiGilgeous-Alexander
87%
Atlanta2017-18DennisSchroder
87%
Atlanta2016-17DennisSchroder
87%
Milwaukee2017-18EricBledsoe
86%
Phoenix2016-17EricBledsoe
86%
Milwaukee2018-19EricBledsoe
86%
Milwaukee2019-20EricBledsoe
86%
Miami2011-12MarioChalmers
86%
Miami2012-13MarioChalmers
86%
Miami2013-14MarioChalmers
86%
Miami2014-15MarioChalmers
86%
Houston2012-13JeremyLin
86%
New York2011-12JeremyLin
86%
Brooklyn2016-17JeremyLin
86%
Orlando2014-15ElfridPayton
86%
Orlando2017-18ElfridPayton
86%
Orlando2015-16ElfridPayton
86%
New York2019-20ElfirdPayton
86%
New Orleans2018-19ElfirdPayton
86%
Orlando2016-17ElfridPayton
86%
Minnesota2017-18JeffTeague
86%
Indiana2016-17JeffTeague
86%
Atlanta2011-12JeffTeague
86%
Atlanta2015-16JeffTeague
86%
Minnesota2018-19JeffTeague
86%
Atlanta2014-15JeffTeague
86%
Atlanta2012-13JeffTeague
86%
Atlanta2013-14JeffTeague
86%
Indiana2019-20MalcolmBrogdon
85%
Houston2013-14PatrickBeverley
83%
LA Clippers2019-20PatrickBeverley
83%
Houston2014-15PatrickBeverley
83%
Houston2015-16PatrickBeverley
83%
Houston2016-17PatrickBeverley
83%
LA Lakers2019-20AveryBradley
82%
LA Clippers2010-11BaronDavis
81%
LA Lakers2011-12DerekFisher
80%
LA Lakers2010-11DerekFisher
80%
Cleveland2017-18GeorgeHill
80%
Utah2016-17GeorgeHill
80%
Indiana2015-16GeorgeHill
80%
Indiana2014-15GeorgeHill
80%
Indiana2013-14GeorgeHill
80%
Indiana2012-13GeorgeHill
80%
Miami2019-20KendrickNunn
79%
Charlotte2019-20Devonte'Graham
78%
Miami2018-19JustiseWinslow
77%
Orlando2018-19D.J.Augustin
76%
Charlotte2011-12D.J.Augustin
76%
Charlotte2010-11D.J.Augustin
76%
Toronto2010-11JoseCalderon
74%
Toronto2011-12JoseCalderon
74%
Dallas2013-14JoseCalderon
74%
New York2015-16JoseCalderon
74%
New York2014-15JoseCalderon
74%
Orlando2010-11JameerNelson
74%
Orlando2011-12JameerNelson
74%
Orlando2013-14JameerNelson
74%
Orlando2012-13JameerNelson
74%
Chicago2017-18KrisDunn
73%
Chicago2019-20KrisDunn
73%
Chicago2018-19KrisDunn
73%
San Antonio2018-19DerrickWhite
73%
Minnesota2014-15ZachLaVine
72%
Denver2013-14TyLawson
72%
Denver2014-15TyLawson
72%
Denver2011-12TyLawson
72%
Denver2012-13TyLawson
72%
Portland2011-12RaymondFelton
71%
New York2012-13RaymondFelton
71%
New York2013-14RaymondFelton
71%
New York2010-11RaymondFelton
71%
Detroit2012-13BrandonKnight
71%
Detroit2011-12BrandonKnight
71%
Milwaukee2013-14BrandonKnight
71%
Phoenix2015-16BrandonKnight
71%
Milwaukee2014-15BrandonKnight
71%
Denver2015-16EmmanuelMudiay
70%
New York2018-19EmmanualMudiay
70%
Denver2016-17EmmanuelMudiay
70%
Indiana2010-11DarrenCollison
69%
Indiana2018-19DarrenCollison
69%
Sacramento2014-15DarrenCollison
69%
Indiana2017-18DarrenCollison
69%
Indiana2011-12DarrenCollison
69%
Sacramento2016-17DarrenCollison
69%
Dallas2012-13DarrenCollison
69%
Detroit2013-14BrandonJennings
68%
Milwaukee2012-13BrandonJennings
68%
Milwaukee2011-12BrandonJennings
68%
Milwaukee2010-11BrandonJennings
68%
Detroit2014-15BrandonJennings
68%
Phoenix2018-19De'AnthonyMelton
68%
LA Lakers2014-15JordanClarkson
67%
Minnesota2019-20ShabazzNapier
67%
Chicago2012-13KirkHinrich
63%
Chicago2013-14KirkHinrich
63%
Portland2010-11AndreMiller
63%
Philadelphia2016-17T.J.McConnell
59%
Washington2018-19TomasSatoransky
56%
Utah2013-14TreyBurke
53%
Utah2014-15TreyBurke
53%
Utah2011-12DevinHarris
52%
Brooklyn2010-11DevinHarris
52%
Utah2015-16RaulNeto
52%
Atlanta2010-11MikeBibby
44%
Detroit2010-11RodneyStuckey
44%
Milwaukee2016-17MatthewDellavedova
43%
LA Clippers2017-18MilosTeodosic
37%
Phoenix2017-18TylerUlis
35%
Minnesota2011-12LukeRidnour
33%
Minnesota2010-11LukeRidnour
33%
Sacramento2010-11BenoUdrih
32%
New Orleans2012-13GreivisVasquez
32%
Miami2010-11CarlosArroyo
23%
Memphis2017-18AndrewHarrison
22%
LA Lakers2013-14KendallMarshal
21%
Brooklyn2015-16DonaldSloan
13%
New Orleans2013-14BrianRoberts
11%

Score Distribution

Percentile by Number Answered

Percent of People with Each Score

Your Score History

You have not taken this quiz since the last reset